000 00950nam a2200265Ia 4500
003 OSt
005 20221005052628.0
006 a|||||r|||| 00| 0
007 ta
008 221004b |||||||| |||| 00| 0 eng d
020 _a1844070999
_c2523.28
024 _a82019
037 _bATB/5/399, 30/03/2005, Ashutosh Technical Books
_cTextual
040 _aCRL
_cCRL
_beng
041 _2eng
_aeng
082 _aY:5.1'P, P4
245 0 _aEnd of world population growth in 21st century
_b New challenges for Human capital formation and sustainable development edited by Wolfgang Lutz; Warren C. Sanderson and Sergei Scherbov
260 _aLondon
_bEarthscan U. K.
_c2004
300 _a341p.
_ccm.
490 _aPopulation and sustainable development
650 _a SOCIOLOGY
650 _aWORLD POPULATION
_9596916
942 _hY:5.1'P, P4
_cTEXL
_2cc
999 _c960715
_d960715